| 000 -LEADER |
| fixed length control field |
00860cam a22002055i 4500 |
| 020 ## - INTERNATIONAL STANDARD BOOK NUMBER |
| ISBN |
9789251068397 |
| 020 ## - INTERNATIONAL STANDARD BOOK NUMBER |
| ISBN |
9251068399 |
| 040 ## - CATALOGING SOURCE |
| Transcribing agency |
BTCTA |
| 082 04 - DEWEY DECIMAL CLASSIFICATION NUMBER |
| Classification number |
630 FOO A038 Or. |
| 245 03 - TITLE STATEMENT |
| Title |
An international consultation on integrated crop-livestock systems for development : |
| Remainder of title |
the way forward for sustainable production intensification. |
| 300 ## - PHYSICAL DESCRIPTION |
| Number of Pages |
xii, 63 pages ; |
| Dimensions |
25 cm. |
| 490 1# - SERIES STATEMENT |
| Series statement |
Integrated crop management, |
| 500 ## - GENERAL NOTE |
| General note |
Based on an electronic consultation with various groups and individuals as well as a face-to-face consultation held in Sete Lagaos, Brazil, March 23-26, 2010. |
| 650 #0 - SUBJECT ADDED ENTRY--TOPICAL TERM |
| Topical Term |
Integrated agricultural systems. |
| 650 #0 - SUBJECT ADDED ENTRY--TOPICAL TERM |
| Topical Term |
Sustainable agriculture. |
| 650 #7 - SUBJECT ADDED ENTRY--TOPICAL TERM |
| Topical Term |
Integrated agricultural systems. |
| 650 #7 - SUBJECT ADDED ENTRY--TOPICAL TERM |
| Topical Term |
Sustainable agriculture. |
| 710 2# - ADDED ENTRY--CORPORATE NAME |
| Corporate name or jurisdiction name as entry element |
Food and Agriculture Organization of the United Nations. |
| 942 ## - ADDED ENTRY ELEMENTS (KOHA) |
| Koha item type |
សៀវភៅភាសាអង់គ្លេស |
| 952 ## - LOCATION AND ITEM INFORMATION (KOHA) |
| Withdrawn status [LOCAL, KOHA] |
0 |